000 00626nam a2200241 a 4500
001 nice12345678
003 IN_TiNIC
005 20260116014128.0
008 100216s2009 newa grp 000 0 eng
020 _a8125026576
_c375
082 0 0 _a907.202
_bSRE
100 _aSreedharan, E
245 _aTextbook of Histoiography
_b 500 BC to Ad 2000
260 _aNew Delhi
_bOrient Blackswan
_c2009
300 _a570p
500 _aincludes index and biblioraphy
505 2 _areferences, biblio, index
650 _aHistoriography
700 1 _aSreedharan, E
902 _bSRS
942 _cBK
999 _c14006
_d14006